00458 a2200145 4500003000500000005001700005040000900022082001100031245007200042505002900114650002100143651002600164999001900190952010300209Nust20170207154601.0 cNust a025.34 aGet your tenses right : Units : 16-21, side 1: units: , side 2  aAlmirah No.73 shelf No.6 aEnglish learning aGet your tenses right c198607d198607 00102ddc40708NFICaMCSbMCSd2016-12-12l0o025.34 GETpMCSCst-21r2016-12-08w2016-12-12yBK